000
00275nam a2200121Ia 4500
008
190216s9999||||xx |||||||||||||| ||und||
100
_a
Dhingra. I.C
245
0
_a
Rural Economics
260
_b
Sulthan Chand&Sons
_c
1985
300
_a
400p
650
_a
Economics
942
_c
BK
999
_c
9733
_d
9733